| 000 | 01553nam a2200301 i 4500 | ||
|---|---|---|---|
| 003 | DO-SdBNP | ||
| 005 | 20251114094818.0 | ||
| 007 | ta | ||
| 008 | 110413s2024 dr ac 000 j spa d | ||
| 040 |
_aDO-SdBNP _bspa _cBNPHU _erda |
||
| 041 | _aspa | ||
| 082 | 4 |
_axxx _bxxx _222 |
|
| 100 |
_aGil, Laura, _eautor _4aut. _957625 |
||
| 245 | 1 | 0 |
_aPremio de arte Juan José Bellapart / _bLaura Gil ; editor, Myrna Guerrero Villalona |
| 264 | 1 |
_aSanto Domingo, República Dominicana : _bMuseo Bellapart, _c2024. |
|
| 300 |
_a87 páginas : _bilustraciones, retratos, fotografías ; _c31 cm. |
||
| 336 |
_atexto _2rdacontent _btxt |
||
| 337 |
_2rdamedia _asin mediación _bn |
||
| 338 |
_2rdacarrier _avolumen _bnc |
||
| 505 |
_tPresentación -- _rMaribel Bellapart Alvarez -- _tIntroducción / _rMyrna Guerrero Villalona / _tJuan Jose Billapart Faura -- _rBiografía, 8-- _tLa plástica dominicana y los eventos de artes visuales en el siglo XXI / _r Fermín Ceballos, 12-- _tArte Contemporáneo en el Museo Bellapart / _rLaura Gil Fiallo-- _tApuntes sobre el contexto del arte actual entre lo digital y lo bi-tri-dimensional/ _rPaula Gómez Jorge-- _tPremios -- _tMenciones-- _tObras seleccionadas a concursar. |
||
| 590 | _aInventariado, 2025 /LP | ||
| 600 | 1 | 4 |
_aBellapart, Juan José _984933 |
| 650 | 4 |
_aArte contemporáneo _xPublicidad _zRepública Dominicana _984934 |
|
| 650 | 4 |
_aArte contemporáneo _xHistoria y crítica _zRepública Dominicana _984935 |
|
| 700 | 1 |
_aGuerrero Villalona, Myrna, _eeditor _4ed. _984945 |
|
| 910 | _aLP | ||
| 942 |
_2ddc _cLBS1 |
||
| 999 |
_c59858 _d59858 |
||